000
00268nam a22001097a 4500
008
230620b xxu||||| |||| 00| 0 eng d
082
_a
320.17
_b
SCI 1965
245
_a
Emergent Africa
260
_a
London
_b
Chatto and Windus Ltd
_c
1965
300
_a
191p
942
_2
ddc
_c
BK
999
_c
1628
_d
1628